Undang-undang tanah Rizab Melayu : Kefahaman mengenai beberapa konsep penting

Bibliographic Details
Main Author: Muhammad Said Abd Kadir Al-Haj
Format: Book
Published: Kuala Lumpur : Kementerian Tanah dan Pembangunana Koperasi , 1992
Subjects:

MARC

LEADER 00000cam a2200000 7i4500
001 0000001298
005 20030121.0
040 |a INS 
090 0 0 |a HD1167   |b M9524 1992 
100 0 |a Muhammad Said Abd Kadir Al-Haj 
245 1 0 |a Undang-undang tanah Rizab Melayu :   |b Kefahaman mengenai beberapa konsep penting   |c oleh Muhammad Said Abd Kadir Al-Haj 
260 |a Kuala Lumpur :   |b Kementerian Tanah dan Pembangunana Koperasi ,   |c 1992 
300 |a ii, 23p. ;   |c 30 cm. 
650 0 0 |a Land tenure   |z Malaysia   |x Law 
999 |a 0000004807   |b BOOK   |c Open Shelf   |e Default branch